Biggest Cities in Norway - Statistics

General Stats
  • This quiz has been taken 35 times
  • The average score is 5 of 10
Answer Stats
Population Answer % Correct
1.4m Oslo
100%
265,470 Bergen
91%
191,771 Trondheim
85%
229,911 Stavanger/Sandnes
70%
64,913 Kristiansand
55%
110,236 Drammen
36%
117,663 Fredrikstad/Sarpsborg
27%
54,399 Ålesund
24%
94,102 Porsgrunn/Skien
24%
53,818 Tønsberg
15%
No matching quizzes found
Score Distribution
Percent of People with Each Score
Percentile by Number Answered
Your Score History
You have not taken this quiz